[Event "DVM U20 2022"]
[Site "Münster GER"]
[Date "2022.12.28"]
[Round "3"]
[White "Helmsdorf, Marius"]
[Black "Dathe, Frederick"]
[Result "0-1"]
[Termination "normal"]
[Board "6.2"]
[WhiteElo "1657"]
[BlackElo "2089"]
[WhiteClock "00:00:52"]
[BlackClock "00:00:45"]
[WhiteTeam "ESV Gera"]
[BlackTeam "SC Kreuzberg e.V."]
[PlyCount "80"]
[WhiteFideId "16274873"]
[BlackFideId "12963070"]
[EventCountry "GER"]
[EventRounds "7"]
[EventType "team-swiss"]
[EventDate "2022.12.26"]

1. d4 {[%clk 01:30:58]} Nf6 {[%clk 01:30:51]} {[%emt 00:00:09]} 2. Nc3 {[%clk
01:31:22]} {[%emt 00:00:07]} d5 {[%clk 01:31:06]} {[%emt 00:00:14]} 3. Bf4
{[%clk 01:31:49]} {[%emt 00:00:03]} c5 {[%clk 01:31:20]} {[%emt 00:00:15]} 4.
e4 {[%clk 01:32:15]} {[%emt 00:00:05]} Nxe4 {[%clk 01:31:42]} {[%emt 00:00:08]}
5. Nxe4 {[%clk 01:32:42]} {[%emt 00:00:04]} dxe4 {[%clk 01:32:03]} {[%emt
00:00:10]} 6. dxc5 {[%clk 01:33:09]} {[%emt 00:00:03]} Qa5 {[%clk 01:27:00]}
{[%emt 00:05:32]} 7. c3 {[%clk 01:33:33]} {[%emt 00:00:06]} Qxc5 {[%clk
01:26:32]} {[%emt 00:00:58]} 8. Qa4 {[%clk 01:34:00]} {[%emt 00:00:03]} Nc6
{[%clk 01:25:37]} {[%emt 00:01:25]} 9. Qxe4 {[%clk 01:34:26]} {[%emt 00:00:04]}
g6 {[%clk 01:22:58]} {[%emt 00:03:08]} 10. Nf3 {[%clk 01:23:36]} {[%emt
00:11:21]} Bg7 {[%clk 01:22:15]} {[%emt 00:01:12]} 11. Qe3 {[%clk 01:23:28]}
{[%emt 00:00:39]} Qxe3 {[%clk 01:20:00]} {[%emt 00:02:45]} 12. Bxe3 {[%clk
01:23:52]} {[%emt 00:00:05]} O-O {[%clk 01:19:27]} {[%emt 00:01:04]} 13. Bc4
{[%clk 01:22:13]} {[%emt 00:02:10]} Bg4 {[%clk 01:16:06]} {[%emt 00:03:50]} 14.
h3 {[%clk 01:17:22]} {[%emt 00:05:21]} Bf5 {[%clk 01:11:12]} {[%emt 00:05:24]}
15. Rd1 {[%clk 01:14:44]} {[%emt 00:03:07]} Na5 {[%clk 01:04:54]} {[%emt
00:06:48]} 16. Be2 {[%clk 01:13:23]} {[%emt 00:01:51]} Rfc8 {[%clk 01:00:12]}
{[%emt 00:05:12]} 17. Nd4 {[%clk 01:08:04]} {[%emt 00:05:50]} Bxd4 {[%clk
00:43:57]} {[%emt 00:16:45]} 18. Rxd4 {[%clk 01:05:39]} {[%emt 00:02:55]} Nc6
{[%clk 00:41:34]} {[%emt 00:02:53]} 19. Rd1 {[%clk 01:05:10]} {[%emt 00:00:58]}
Be6 {[%clk 00:41:20]} {[%emt 00:00:45]} 20. b3 {[%clk 01:04:17]} {[%emt
00:01:23]} a5 {[%clk 00:39:41]} {[%emt 00:02:09]} 21. Bb5 {[%clk 00:45:42]}
{[%emt 00:19:05]} f6 {[%clk 00:18:01]} {[%emt 00:22:09]} 22. Ke2 {[%clk
00:40:47]} {[%emt 00:05:24]} Kf7 {[%clk 00:18:04]} {[%emt 00:00:28]} 23. Rd2
{[%clk 00:37:44]} {[%emt 00:03:33]} g5 {[%clk 00:17:05]} {[%emt 00:01:29]} 24.
Rhd1 {[%clk 00:36:50]} {[%emt 00:01:23]} Ne5 {[%clk 00:16:25]} {[%emt
00:01:10]} 25. c4 {[%clk 00:33:08]} {[%emt 00:04:12]} a4 {[%clk 00:15:20]}
{[%emt 00:01:36]} 26. Bd4 {[%clk 00:25:09]} {[%emt 00:08:29]} Ng6 {[%clk
00:14:17]} {[%emt 00:01:33]} 27. Bc3 {[%clk 00:21:11]} {[%emt 00:04:27]} axb3
{[%clk 00:12:10]} {[%emt 00:02:37]} 28. axb3 {[%clk 00:21:37]} {[%emt
00:00:04]} Ra3 {[%clk 00:10:25]} {[%emt 00:02:15]} 29. Rb2 {[%clk 00:20:02]}
{[%emt 00:02:05]} Rca8 {[%clk 00:10:10]} {[%emt 00:00:45]} 30. Bd2 {[%clk
00:13:24]} {[%emt 00:07:08]} Ra2 {[%clk 00:09:33]} {[%emt 00:01:07]} 31. Rdb1
{[%clk 00:11:21]} {[%emt 00:02:32]} Bf5 {[%clk 00:09:35]} {[%emt 00:00:29]} 32.
Rxa2 {[%clk 00:11:25]} {[%emt 00:00:25]} Rxa2 {[%clk 00:10:00]} {[%emt
00:00:05]} 33. Rg1 {[%clk 00:05:51]} {[%emt 00:06:03]} Rb2 {[%clk 00:07:28]}
{[%emt 00:03:02]} 34. Ba4 {[%clk 00:06:12]} {[%emt 00:00:09]} Ne5 {[%clk
00:05:10]} {[%emt 00:02:48]} 35. g4 {[%clk 00:05:24]} {[%emt 00:01:19]} Bc2
{[%clk 00:03:03]} {[%emt 00:02:37]} 36. Rg3 {[%clk 00:03:26]} {[%emt 00:02:28]}
Be4 {[%clk 00:02:32]} {[%emt 00:01:01]} 37. Ke3 {[%clk 00:02:16]} {[%emt
00:01:40]} Bd3 {[%clk 00:01:27]} {[%emt 00:01:35]} 38. Rg1 {[%clk 00:01:27]}
{[%emt 00:01:20]} Bxc4 {[%clk 00:01:08]} {[%emt 00:00:49]} 39. b4 {[%clk
00:00:33]} {[%emt 00:01:23]} b5 {[%clk 00:00:57]} {[%emt 00:00:41]} 40. Bd1
{[%clk 00:00:52]} {[%emt 00:00:11]} Rb1 {[%clk 00:00:45]} {[%emt 00:00:42]} 0-1

[Event "DVM U20 2022"]
[Site "Münster GER"]
[Date "2022.12.28"]
[Round "3"]
[White "Hommel, Niclas"]
[Black "Frank, Marek"]
[Result "1-0"]
[Termination "normal"]
[Board "6.3"]
[WhiteElo "2002"]
[BlackElo "1500"]
[WhiteClock "00:30:17"]
[BlackClock "00:24:05"]
[WhiteTeam "SC Kreuzberg e.V."]
[BlackTeam "ESV Gera"]
[PlyCount "35"]
[WhiteFideId "12974927"]
[BlackFideId "16239520"]
[EventCountry "GER"]
[EventRounds "7"]
[EventType "team-swiss"]
[EventDate "2022.12.26"]

1. e4 {[%clk 01:30:57]} {[%emt 00:00:02]} c5 {[%clk 01:30:57]} {[%emt
00:00:03]} 2. Nf3 {[%clk 01:31:22]} {[%emt 00:00:06]} Nc6 {[%clk 01:31:22]}
{[%emt 00:00:05]} 3. d4 {[%clk 01:31:44]} {[%emt 00:00:07]} cxd4 {[%clk
01:31:50]} {[%emt 00:00:03]} 4. Nxd4 {[%clk 01:32:07]} {[%emt 00:00:07]} e6
{[%clk 01:32:11]} {[%emt 00:00:09]} 5. Nc3 {[%clk 01:30:43]} {[%emt 00:01:53]}
Qc7 {[%clk 01:32:23]} {[%emt 00:00:18]} 6. Be3 {[%clk 01:25:21]} {[%emt
00:05:52]} a6 {[%clk 01:32:48]} {[%emt 00:00:05]} 7. Bd3 {[%clk 01:25:34]}
{[%emt 00:00:17]} Nf6 {[%clk 01:31:55]} {[%emt 00:01:22]} 8. O-O {[%clk
01:23:35]} {[%emt 00:02:29]} Be7 {[%clk 01:30:55]} {[%emt 00:01:29]} 9. f4
{[%clk 01:12:54]} {[%emt 00:11:12]} d6 {[%clk 01:30:54]} {[%emt 00:00:32]} 10.
Qf3 {[%clk 01:07:23]} {[%emt 00:06:01]} O-O {[%clk 01:15:28]} {[%emt 00:15:56]}
11. Rae1 {[%clk 00:51:54]} {[%emt 00:15:59]} Bd7 {[%clk 00:58:43]} {[%emt
00:17:15]} 12. Qg3 {[%clk 00:45:04]} {[%emt 00:07:19]} Nh5 {[%clk 00:38:41]}
{[%emt 00:20:31]} 13. Qh3 {[%clk 00:41:02]} {[%emt 00:04:33]} Nxf4 {[%clk
00:32:47]} {[%emt 00:06:24]} 14. Bxf4 {[%clk 00:41:23]} {[%emt 00:00:08]} Nxd4
{[%clk 00:31:20]} {[%emt 00:01:57]} 15. e5 {[%clk 00:41:48]} {[%emt 00:00:05]}
f5 {[%clk 00:25:35]} {[%emt 00:06:05]} 16. exf6 {[%clk 00:29:57]} {[%emt
00:12:29]} Rxf6 {[%clk 00:24:45]} {[%emt 00:01:20]} 17. Qxh7 {[%clk 00:30:21]}
{[%emt 00:00:06]} Kf7 {[%clk 00:24:05]} {[%emt 00:01:09]} 18. Bg6 {[%clk
00:30:17]} {[%emt 00:00:34]} 1-0

[Event "DVM U20 2022"]
[Site "Münster GER"]
[Date "2022.12.28"]
[Round "3"]
[White "Frank, Marian"]
[Black "Rose, Luis Stratos"]
[Result "1/2-1/2"]
[Termination "normal"]
[Board "6.4"]
[WhiteElo "1438"]
[BlackElo "1651"]
[WhiteClock "00:00:36"]
[BlackClock "00:05:33"]
[WhiteTeam "ESV Gera"]
[BlackTeam "SC Kreuzberg e.V."]
[PlyCount "69"]
[WhiteFideId "16245059"]
[BlackFideId "12976008"]
[EventCountry "GER"]
[EventRounds "7"]
[EventType "team-swiss"]
[EventDate "2022.12.26"]

1. d4 {[%clk 01:30:57]} {[%emt 00:00:02]} Nf6 {[%clk 01:30:55]} {[%emt
00:00:06]} 2. Nf3 {[%clk 01:31:20]} {[%emt 00:00:07]} g6 {[%clk 01:31:18]}
{[%emt 00:00:07]} 3. c3 {[%clk 01:24:35]} {[%emt 00:07:14]} Bg7 {[%clk
01:31:21]} {[%emt 00:00:26]} 4. Bf4 {[%clk 01:19:55]} {[%emt 00:05:10]} d6
{[%clk 01:30:51]} {[%emt 00:01:01]} 5. Nbd2 {[%clk 01:18:58]} {[%emt 00:01:27]}
O-O {[%clk 01:30:43]} {[%emt 00:00:38]} 6. e4 {[%clk 01:18:30]} {[%emt
00:00:57]} Nc6 {[%clk 01:22:36]} {[%emt 00:08:37]} 7. Qc2 {[%clk 01:04:46]}
{[%emt 00:14:15]} Nd7 {[%clk 01:19:31]} {[%emt 00:03:35]} 8. d5 {[%clk
00:58:20]} {[%emt 00:06:56]} Nce5 {[%clk 01:18:05]} {[%emt 00:01:56]} 9. Nxe5
{[%clk 00:54:07]} {[%emt 00:04:43]} Nxe5 {[%clk 01:18:22]} {[%emt 00:00:13]}
10. O-O-O {[%clk 00:48:31]} {[%emt 00:06:06]} c6 {[%clk 01:13:41]} {[%emt
00:05:11]} 11. Nc4 {[%clk 00:46:26]} {[%emt 00:02:35]} Nxc4 {[%clk 01:05:41]}
{[%emt 00:08:30]} 12. Bxc4 {[%clk 00:46:43]} {[%emt 00:00:13]} b5 {[%clk
01:00:56]} {[%emt 00:05:15]} 13. Bb3 {[%clk 00:44:08]} {[%emt 00:03:05]} c5
{[%clk 01:00:09]} {[%emt 00:01:16]} 14. Qd2 {[%clk 00:43:30]} {[%emt 00:01:09]}
Re8 {[%clk 00:48:04]} {[%emt 00:12:34]} 15. Bh6 {[%clk 00:37:18]} {[%emt
00:06:42]} Bh8 {[%clk 00:48:29]} {[%emt 00:00:06]} 16. h4 {[%clk 00:28:59]}
{[%emt 00:08:49]} c4 {[%clk 00:43:16]} {[%emt 00:05:42]} 17. Bc2 {[%clk
00:28:07]} {[%emt 00:01:23]} Qc7 {[%clk 00:22:19]} {[%emt 00:21:26]} 18. h5
{[%clk 00:26:02]} {[%emt 00:02:35]} b4 {[%clk 00:21:58]} {[%emt 00:00:51]} 19.
hxg6 {[%clk 00:23:03]} {[%emt 00:03:30]} fxg6 {[%clk 00:22:18]} {[%emt
00:00:10]} 20. cxb4 {[%clk 00:11:57]} {[%emt 00:11:37]} a5 {[%clk 00:19:36]}
{[%emt 00:03:12]} 21. Be3 {[%clk 00:06:28]} {[%emt 00:05:59]} axb4 {[%clk
00:19:00]} {[%emt 00:01:05]} 22. Bd4 {[%clk 00:04:22]} {[%emt 00:02:36]} b3
{[%clk 00:14:20]} {[%emt 00:05:11]} 23. Rxh7 {[%clk 00:04:15]} {[%emt
00:00:37]} Bxd4 {[%clk 00:11:48]} {[%emt 00:03:01]} 24. Qh6 {[%clk 00:03:49]}
{[%emt 00:00:55]} Bxb2 {[%clk 00:10:33]} {[%emt 00:01:45]} 25. Kxb2 {[%clk
00:01:54]} {[%emt 00:02:25]} Rxa2 {[%clk 00:07:09]} {[%emt 00:03:54]} 26. Kc1
{[%clk 00:02:22]} {[%emt 00:00:02]} Rxc2 {[%clk 00:04:55]} {[%emt 00:02:44]}
27. Kb1 {[%clk 00:02:07]} {[%emt 00:00:45]} Rb2 {[%clk 00:03:45]} {[%emt
00:01:40]} 28. Kxb2 {[%clk 00:01:49]} {[%emt 00:00:48]} c3 {[%clk 00:04:03]}
{[%emt 00:00:12]} 29. Kxb3 {[%clk 00:01:02]} {[%emt 00:01:17]} Qb6 {[%clk
00:03:54]} {[%emt 00:00:39]} 30. Kxc3 {[%clk 00:01:00]} {[%emt 00:00:32]} Qc5
{[%clk 00:04:07]} {[%emt 00:00:18]} 31. Kd2 {[%emt 00:00:39]} Qxf2 {[%clk
00:04:30]} {[%emt 00:00:05]} 32. Kc3 {[%clk 00:00:41]} {[%emt 00:00:41]} Qc5
{[%clk 00:04:49]} {[%emt 00:00:11]} 33. Kd2 {[%clk 00:00:43]} {[%emt 00:00:27]}
Qf2 {[%clk 00:05:14]} {[%emt 00:00:06]} 34. Kc1 {[%clk 00:00:45]} {[%emt
00:00:27]} Qc5 {[%clk 00:05:33]} {[%emt 00:00:11]} 35. Kb1 {[%clk 00:00:36]}
{[%emt 00:00:40]} 1/2-1/2

[Event "DVM U20 2022"]
[Site "Münster GER"]
[Date "2022.12.28"]
[Round "3"]
[White "Held, Momme Fredrik"]
[Black "Barz, Henrik"]
[Result "1-0"]
[Termination "normal"]
[Board "6.5"]
[WhiteElo "1751"]
[BlackElo "1647"]
[WhiteClock "00:06:32"]
[BlackClock "00:18:56"]
[WhiteTeam "SC Kreuzberg e.V."]
[BlackTeam "ESV Gera"]
[PlyCount "71"]
[WhiteFideId "16237692"]
[BlackFideId "34628320"]
[EventCountry "GER"]
[EventRounds "7"]
[EventType "team-swiss"]
[EventDate "2022.12.26"]

1. c4 {[%clk 01:30:55]} {[%emt 00:00:03]} Nf6 {[%clk 01:30:55]} {[%emt
00:00:05]} 2. g3 {[%clk 01:31:19]} {[%emt 00:00:06]} e6 {[%clk 01:31:20]}
{[%emt 00:00:06]} 3. Bg2 {[%clk 01:31:42]} {[%emt 00:00:07]} d5 {[%clk
01:31:46]} {[%emt 00:00:04]} 4. Nf3 {[%clk 01:32:05]} {[%emt 00:00:06]} c5
{[%clk 01:32:03]} {[%emt 00:00:13]} 5. O-O {[%clk 01:32:12]} {[%emt 00:00:22]}
d4 {[%clk 01:32:03]} {[%emt 00:00:30]} 6. e3 {[%clk 01:30:48]} {[%emt
00:01:54]} Nc6 {[%clk 01:32:07]} {[%emt 00:00:27]} 7. d3 {[%clk 01:29:36]}
{[%emt 00:01:41]} Bd6 {[%clk 01:31:16]} {[%emt 00:01:21]} 8. h3 {[%clk
01:23:09]} {[%emt 00:06:57]} O-O {[%clk 01:31:09]} {[%emt 00:00:37]} 9. a3
{[%clk 01:22:32]} {[%emt 00:01:08]} a5 {[%clk 01:31:29]} {[%emt 00:00:10]} 10.
exd4 {[%clk 01:21:46]} {[%emt 00:01:16]} cxd4 {[%clk 01:31:32]} {[%emt
00:00:27]} 11. Nbd2 {[%clk 01:21:18]} {[%emt 00:00:58]} e5 {[%clk 01:30:55]}
{[%emt 00:01:07]} 12. Ng5 {[%clk 01:20:52]} {[%emt 00:00:56]} Nd7 {[%clk
01:22:34]} {[%emt 00:08:51]} 13. Qh5 {[%clk 00:59:57]} {[%emt 00:21:24]} Nf6
{[%clk 01:04:19]} {[%emt 00:18:46]} 14. Qe2 {[%clk 00:59:03]} {[%emt 00:01:23]}
Bf5 {[%clk 01:00:54]} {[%emt 00:03:56]} 15. Nge4 {[%clk 00:57:08]} {[%emt
00:02:25]} Bxe4 {[%clk 00:55:16]} {[%emt 00:06:08]} 16. Nxe4 {[%clk 00:57:27]}
{[%emt 00:00:11]} Nxe4 {[%clk 00:55:41]} {[%emt 00:00:05]} 17. Bxe4 {[%clk
00:57:40]} {[%emt 00:00:17]} Rb8 {[%clk 00:56:06]} {[%emt 00:00:05]} 18. Qh5
{[%clk 00:52:06]} {[%emt 00:06:04]} g6 {[%clk 00:56:14]} {[%emt 00:00:22]} 19.
Qh6 {[%clk 00:50:19]} {[%emt 00:02:16]} Ne7 {[%clk 00:52:51]} {[%emt 00:03:54]}
20. h4 {[%clk 00:42:50]} {[%emt 00:07:59]} Qd7 {[%clk 00:49:29]} {[%emt
00:03:52]} 21. Kg2 {[%clk 00:40:15]} {[%emt 00:03:05]} Qe6 {[%clk 00:39:16]}
{[%emt 00:10:44]} 22. Rh1 {[%clk 00:33:38]} {[%emt 00:07:06]} f5 {[%clk
00:39:08]} {[%emt 00:00:39]} 23. Bf3 {[%clk 00:31:23]} {[%emt 00:02:45]} e4
{[%clk 00:39:25]} {[%emt 00:00:13]} 24. Bd1 {[%clk 00:26:02]} {[%emt 00:05:51]}
Qf6 {[%clk 00:25:52]} {[%emt 00:14:03]} 25. c5 {[%clk 00:20:38]} {[%emt
00:05:54]} Bxc5 {[%clk 00:25:36]} {[%emt 00:00:46]} 26. Bb3 {[%clk 00:21:03]}
{[%emt 00:00:04]} Kh8 {[%clk 00:25:50]} {[%emt 00:00:16]} 27. Bf4 {[%clk
00:21:28]} {[%emt 00:00:06]} Bd6 {[%clk 00:25:58]} {[%emt 00:00:22]} 28. Bxd6
{[%clk 00:13:26]} {[%emt 00:08:32]} Qxd6 {[%clk 00:26:14]} {[%emt 00:00:13]}
29. h5 {[%clk 00:13:49]} {[%emt 00:00:07]} Qf6 {[%clk 00:24:16]} {[%emt
00:02:29]} 30. hxg6 {[%clk 00:10:16]} {[%emt 00:04:03]} Qxg6 {[%clk 00:24:37]}
{[%emt 00:00:09]} 31. Qf4 {[%clk 00:10:30]} {[%emt 00:00:15]} Nc6 {[%clk
00:23:28]} {[%emt 00:01:39]} 32. Rh6 {[%clk 00:10:32]} {[%emt 00:00:28]} Qg7
{[%clk 00:21:28]} {[%emt 00:02:30]} 33. Rah1 {[%clk 00:10:54]} {[%emt
00:00:07]} Rbc8 {[%clk 00:19:27]} {[%emt 00:02:32]} 34. dxe4 {[%clk 00:08:10]}
{[%emt 00:03:14]} fxe4 {[%clk 00:18:53]} {[%emt 00:01:04]} 35. Qxe4 {[%clk
00:08:28]} {[%emt 00:00:12]} Rc7 {[%clk 00:18:56]} {[%emt 00:00:27]} 36. Bc2
{[%clk 00:06:32]} {[%emt 00:02:26]} 1-0

[Event "DVM U20 2022"]
[Site "Münster GER"]
[Date "2022.12.28"]
[Round "3"]
[White "Schulter, Moritz"]
[Black "Kilic, Hasan"]
[Result "0-1"]
[Termination "normal"]
[Board "6.6"]
[WhiteElo "1584"]
[BlackElo "1486"]
[WhiteClock "00:00:33"]
[BlackClock "00:31:18"]
[WhiteTeam "ESV Gera"]
[BlackTeam "SC Kreuzberg e.V."]
[PlyCount "64"]
[WhiteFideId "16245067"]
[BlackFideId "34613404"]
[EventCountry "GER"]
[EventRounds "7"]
[EventType "team-swiss"]
[EventDate "2022.12.26"]

1. c4 {[%clk 01:30:59]} {[%emt 00:00:01]} b6 {[%clk 01:30:32]} {[%emt
00:00:28]} 2. Nc3 {[%clk 01:30:17]} {[%emt 00:01:12]} Bb7 {[%clk 01:24:03]}
{[%emt 00:06:58]} 3. e4 {[%clk 01:29:44]} {[%emt 00:01:03]} e6 {[%clk
01:21:54]} {[%emt 00:02:39]} 4. Nf3 {[%clk 01:28:44]} {[%emt 00:01:31]} Bb4
{[%clk 01:17:02]} {[%emt 00:05:19]} 5. Qc2 {[%clk 01:26:23]} {[%emt 00:02:53]}
d5 {[%clk 01:08:30]} {[%emt 00:09:02]} 6. Qa4 {[%clk 01:16:16]} {[%emt
00:10:37]} Nc6 {[%clk 01:07:23]} {[%emt 00:01:37]} 7. cxd5 {[%clk 01:13:53]}
{[%emt 00:02:54]} exd5 {[%clk 01:07:45]} {[%emt 00:00:07]} 8. Bb5 {[%clk
01:10:40]} {[%emt 00:03:43]} Qd6 {[%clk 01:04:04]} {[%emt 00:04:11]} 9. exd5
{[%clk 00:58:43]} {[%emt 00:12:27]} Kf8 {[%clk 01:04:30]} {[%emt 00:00:04]} 10.
Bxc6 {[%clk 00:56:42]} {[%emt 00:02:31]} Bxc6 {[%clk 01:04:43]} {[%emt
00:00:17]} 11. Qxc6 {[%clk 00:56:55]} {[%emt 00:00:17]} Re8 {[%clk 01:04:35]}
{[%emt 00:00:39]} 12. Kd1 {[%clk 00:56:08]} {[%emt 00:01:17]} Qf4 {[%clk
01:04:20]} {[%emt 00:00:44]} 13. a3 {[%clk 00:49:18]} {[%emt 00:07:20]} Bc5
{[%clk 01:03:52]} {[%emt 00:00:58]} 14. Qa4 {[%clk 00:38:54]} {[%emt 00:10:54]}
Qf5 {[%clk 01:03:39]} {[%emt 00:00:43]} 15. d4 {[%clk 00:29:50]} {[%emt
00:09:33]} Qg4 {[%clk 01:03:02]} {[%emt 00:01:08]} 16. Rg1 {[%clk 00:25:32]}
{[%emt 00:04:48]} Bd6 {[%clk 00:54:51]} {[%emt 00:08:42]} 17. Kc2 {[%clk
00:24:24]} {[%emt 00:01:38]} Qf5 {[%clk 00:54:09]} {[%emt 00:01:12]} 18. Kb3
{[%clk 00:23:31]} {[%emt 00:01:23]} Nf6 {[%clk 00:52:21]} {[%emt 00:02:18]} 19.
Be3 {[%clk 00:20:16]} {[%emt 00:03:44]} b5 {[%clk 00:48:03]} {[%emt 00:04:48]}
20. Qxb5 {[%clk 00:12:58]} {[%emt 00:07:49]} c6 {[%clk 00:46:20]} {[%emt
00:02:12]} 21. Qxc6 {[%clk 00:11:59]} {[%emt 00:01:30]} Rb8 {[%clk 00:46:14]}
{[%emt 00:00:36]} 22. Ka2 {[%clk 00:10:23]} {[%emt 00:02:06]} Rb6 {[%clk
00:44:24]} {[%emt 00:02:20]} 23. Qc4 {[%clk 00:06:08]} {[%emt 00:04:45]} Ke7
{[%clk 00:44:13]} {[%emt 00:00:42]} 24. Ne5 {[%clk 00:02:31]} {[%emt 00:04:07]}
Rc8 {[%clk 00:39:24]} {[%emt 00:05:18]} 25. Nc6 {[%clk 00:02:43]} {[%emt
00:00:19]} Kf8 {[%clk 00:37:31]} {[%emt 00:02:23]} 26. Qe2 {[%clk 00:01:26]}
{[%emt 00:01:47]} Nxd5 {[%clk 00:36:44]} {[%emt 00:01:18]} 27. Nb4 {[%clk
00:01:01]} {[%emt 00:00:55]} Rxc3 {[%clk 00:35:31]} {[%emt 00:01:43]} 28. g4
{[%clk 00:00:38]} {[%emt 00:00:53]} Nxb4 {[%clk 00:32:31]} {[%emt 00:03:30]}
29. axb4 {[%clk 00:01:05]} {[%emt 00:00:03]} Qd5 {[%clk 00:32:15]} {[%emt
00:00:45]} 30. Kb1 {[%clk 00:01:05]} {[%emt 00:00:31]} Qe4 {[%clk 00:32:19]}
{[%emt 00:00:25]} 31. Ka2 {[%clk 00:01:20]} {[%emt 00:00:15]} Rc2 {[%clk
00:31:53]} {[%emt 00:00:56]} 32. Qd1 {[%clk 00:00:33]} {[%emt 00:01:17]} Rxb4
{[%clk 00:31:18]} {[%emt 00:01:03]} 0-1